LOK PRASHASHAN (Record no. 44431)
[ view plain ]
| 000 -LEADER | |
|---|---|
| fixed length control field | 00342nam a2200145Ia 4500 |
| 008 - FIXED-LENGTH DATA ELEMENTS--GENERAL INFORMATION | |
| fixed length control field | 240409s9999 xx 000 0 und d |
| 020 ## - INTERNATIONAL STANDARD BOOK NUMBER | |
| International Standard Book Number | 9.7893553227e+12 |
| 082 ## - DEWEY DECIMAL CLASSIFICATION NUMBER | |
| Item number | LAX - L |
| 100 ## - MAIN ENTRY--PERSONAL NAME | |
| Personal name | LAXMIKANTH M |
| 245 #0 - TITLE STATEMENT | |
| Title | LOK PRASHASHAN |
| 250 ## - EDITION STATEMENT | |
| Edition statement | 2 |
| 260 ## - PUBLICATION, DISTRIBUTION, ETC. | |
| Place of publication, distribution, etc. | CHENNAI |
| Name of publisher, distributor, etc. | MC GRAW HILL PUBLICATION |
| Date of publication, distribution, etc. | 2023 |
| 300 ## - PHYSICAL DESCRIPTION | |
| Extent | MTP4.17 |
| 942 ## - ADDED ENTRY ELEMENTS (KOHA) | |
| Koha item type | Book |
| Withdrawn status | Lost status | Damaged status | Not for loan | Collection code | Permanent Location | Current Location | Date acquired | Cost, normal purchase price | Total Checkouts | Barcode | Date last seen | Date last checked out | Price effective from | Koha item type | Source of classification or shelving scheme | Full call number |
|---|---|---|---|---|---|---|---|---|---|---|---|---|---|---|---|---|
| School of Arts and Humanity | Central Library, MUIT, Lucknow | Central Library, MUIT, Lucknow | 2024-04-09 | 780.00 | 2 | SOA8805 | 2025-10-29 | 2025-10-15 | 2024-04-09 | Book | ||||||
| School of Arts and Humanity | Central Library, MUIT, Lucknow | Central Library, MUIT, Lucknow | 2024-04-09 | 780.00 | SOA8806 | 2024-04-09 | 2024-04-09 | Book | ||||||||
| School of Arts and Humanity | Central Library, MUIT, Lucknow | Central Library, MUIT, Lucknow | 2024-04-09 | 780.00 | SOA8807 | 2024-04-09 | 2024-04-09 | Book | ||||||||
| School of Arts and Humanity | Central Library, MUIT, Lucknow | Central Library, MUIT, Lucknow | 2024-04-09 | 780.00 | 1 | SOA8808 | 2024-09-25 | 2024-09-18 | 2024-04-09 | Reference Book | 350 LAX - L |